000 00279nam a22001217a 4500
003 SGT
082 _a340,ICR
100 _aICRC
245 _aHANDBOOK ON INTERNATIONAL RULES GOVERNING MILITARY OPERATIONS
260 _aNEW DELHI
_bICRC
_c2013
300 _a459
942 _2ddc
_cBK
_02
999 _c11237
_d11237